| 000 | 00650nam a2200205 i 4500 | ||
|---|---|---|---|
| 001 | 95248 | ||
| 003 | ES-MaACL | ||
| 005 | 20250731063033.0 | ||
| 007 | t| | ||
| 008 | 050525m19701972sp ||||1| spa d | ||
| 100 | 1 |
_aLynch, John, _d1927-2018 _974938 |
|
| 245 | 1 | 0 |
_aEspaña bajo los Austrias / _cJonh Lynch; traducción de Josep María Bernardas. |
| 250 | _a[1ª ed.]. | ||
| 260 |
_aBarcelona : _bPeninsula, _c1970-1972. |
||
| 300 |
_a2 v. ; _c20 cm. |
||
| 651 | 4 |
_aEspaña- _xHistoria- _y1516-1700, Casa de Austria _98228 |
|
| 700 | 1 |
_aBernardas, Josep María. _928267 |
|
| 852 |
_aES-MaACL _jP-1834 _bR.73754 |
||
| 999 |
_c95248 _d95248 |
||